000 00582nam a22002177a 4500
003 OSt
005 20210421075104.0
008 210225s1973 ||||| |||| 00| 0 eng d
020 _a0515030848
040 _aeng
_beng
_cDLC
041 _aeng
080 _a821.111
_bS-68
100 _9497
_aSmith, E. E. Doc
245 _aGalactic Patrol
_c/ by: Pyramid Books
260 _aNew York
_bPyramid Books
_c1973
300 _a237 p.
365 _b0.95 usd
650 0 _9247
_aEnglish literature
653 _aინგლისური ლიტერატურა
942 _2udc
_cBK
999 _c1733
_d1733